000
00191 a2200097 4500
001
11302
100
_a
Nicolson, A.
245
_a
The Cold War
260
_a
_b
Harrap
_c
090
_c
8853
_d
8853
942
_a
NUST-CAE
_c
M
_c
35659
999
_c
246375
_d
246375